Statistics for Georgia Colleges and Universities

Click here to take the quiz!

General Stats

  • This quiz has been taken 245 times
  • The average score is 11 of 31

Answer Stats

CityCollege or University% Correct
AthensUniversity of Georgia
99%
AtlantaGeorgia Institute of Technology
88%
AtlantaGeorgia State University
81%
StatesboroGeorgia Southern Univeristy
76%
KennesawKennesaw State University
69%
ValdostaValdosta State University
63%
DahlonegaUniversity of North Georgia
57%
MilledgevilleGeorgia College & State University
51%
SavannahSavannah State Univerisity
51%
CarrolltonUniversity of West Georgia
48%
ColumbusColumbus State University
40%
AlbanyAlbany State University
38%
Fort ValleyFort Valley State University
32%
AugustaGeorgia Regents University
31%
TiftonAbraham Baldwin Agricultural College
28%
MaconMiddle Georgia State College
27%
BarnesvilleGordon State College
24%
DaltonDalton State College
22%
SwainsboroEast Georgia College
21%
SavannahArmstrong Atlantic State University
17%
MorrowClayton State College
17%
AmericusGeorgia Southwestern State University
17%
LawrencevilleGeorgia Gwinnett College
15%
BrunswickCollege of Coastal Georgia
13%
BainbridgeBainbridge State College
11%
MariettaSouthern Polytechnic State University
11%
DecaturGeorgia Perimeter College
9%
AtlantaAtlanta Metropolitan State College
7%
RomeGeorgia Highlands College
6%
DouglasSouth Georgia State College
4%
AlbanyDarton State College
3%

Score Distribution

Percentile by Number Answered

Percent of People with Each Score

Your Score History

You have not taken this quiz